000
00317nam a22001337a 4500
008
170616b xxu||||| |||| 00| 0 eng d
020
_a
0394179560
041
_a
eng
080
_a
32
100
_a
20
101
_a
shp
245
_a
ELSALVADOR: CENTRAL AMERICA IN THE NEW COLD WAR
_c
GETTLEMAN, M.E
942
_2
udc
_c
BK
999
_c
17834
_d
17834